000 00537nam a2200181Ia 4500
003 GCL
008 140319s9999 xx 000 0 ara d
040 _aGCL /
_cGCL
082 0 4 _a219.3
_bص س
100 1 _aصبحى عبده سعيد
245 1 0 _aالسلطة السياسة فى المجتمع الاسلامى /
_cصبحى عبده سعيد
260 _a[S.N] :
_bمؤسسة الاهرام ،
_c1991
300 _a286 ص
490 _a
650 0 4 _aالاسلام
650 0 4 _aالنظام السياسى
942 _2ddc
_cBK
999 _c31803
_d31803